Mapa geologiczna ścięcia na poziomie 5000 m p.p.m. : (Rekord nr 41146)
| 000 -ETYKIETA REKORDU | |
|---|---|
| podpole kontrolne o stałej długości | 02359nem a2200529 i 4500 |
| 001 - NUMER KONTROLNY REKORDU | |
| pole kontrolne | 41146 |
| 003 - IDENTYFIKATOR NUMERU KONTROLNEGO REKORDU | |
| podpole kontrolne | KOSZ 005 |
| 005 - DATA OSTATNIEJ MODYFIKACJI REKORDU | |
| podpole kontrolne | 20230309110915.0 |
| 006 - DANE KONTROLNE - DODATKOWA CHARAKTERYSTYKA DOKUMENTU | |
| podpole kontrolne o stałej długości | e|||||r|a|| 0| 0 |
| 007 - DANE KONTROLNE - FORMA FIZYCZNA DOKUMENTU | |
| podpole kontrolne o stałej długości | aj can|| |
| 008 - POLE O STAŁEJ DŁUGOŚCI - DANE KONTROLNE | |
| podpole kontrolne o stałej długości | 120214s1997 pl a |000 0 pol |
| 040 ## - ŹRÓDŁO KATALOGOWANIA | |
| Instytucja, która utworzyła rekord | KOSZ 005 |
| 041 0# - KOD JĘZYKA | |
| Kod języka tekstu | pol |
| -- | eng |
| 080 ## - UNIWERSALNA KLASYFIKACJA DZIESIĘTNA - UKD | |
| UKD | 912(438) |
| 080 ## - UNIWERSALNA KLASYFIKACJA DZIESIĘTNA - UKD | |
| UKD | 528.9(438) |
| 080 ## - UNIWERSALNA KLASYFIKACJA DZIESIĘTNA - UKD | |
| UKD | 55 |
| 080 ## - UNIWERSALNA KLASYFIKACJA DZIESIĘTNA - UKD | |
| UKD | (084.3) |
| 245 00 - TYTUŁ/ODPOWIEDZIALNOŚĆ | |
| Tytuł | Mapa geologiczna ścięcia na poziomie 5000 m p.p.m. : |
| Ciąg dalszy tytułu | 1:750 000. |
| Oznaczenie części/sekcji dzieła | Tablica 6 / |
| Pozostałe elementy strefy tytułu i oznaczenia odpowiedzialności | praca zbiorowa pod kierunkiem naukowym Zbigniewa Kotańskiego ; autor Zbigniew Buła [i inni] ; opracowanie graficzne Polska Agencja Ekologiczna SA - 1997 r., redaktor B. Celińska ; Państwowy Instytut Geologiczny. |
| 246 31 - WARIANT TYTUŁU | |
| Tytuł | Geological map of horizontal cutting on the plane of 5000 m b.s.l. |
| 246 13 - WARIANT TYTUŁU | |
| Tytuł | Atlas geologiczny Polski. |
| 246 13 - WARIANT TYTUŁU | |
| Tytuł | Mapy geologiczne ścięcia poziomego. |
| 255 ## - STREFA DANYCH MATEMATYCZNYCH | |
| Oznaczenie skali | Skala 1 : 750 000. |
| Oznaczenie współrzędnych geograficznych Ziemi lub innego ciała niebieskiego | (E 14°10'-E 24°09'/N 54°51'-N 49°00'). |
| 260 ## - STREFA ADRESU WYDAWNICZEGO | |
| Miejsce wydania | Warszawa : |
| Nazwa wydawcy/dystrybutora | Wydawnictwo Kartograficzne Polskiej Agencji Ekologicznej, |
| Data publikacji, dystrybucji/powstania dokumentu | copyright 1997. |
| 300 ## - STREFA OPISU FIZYCZNEGO | |
| Objętość | 1 mapa : |
| Inne cechy fizyczne | wielobarwna ; |
| Rozmiary | 87x99 cm, w tubie 8x103 cm. |
| 336 ## - TYP ZAWARTOŚCI | |
| Źródło (terminu i kodu) | rdacontent |
| Termin opisujący typ zawartości | Mapa 2D |
| Kod określający zawartość | cri |
| 337 ## - TYP MEDIÓW | |
| Źródło (terminu i kodu) | rdamedia |
| Tryb odtwarzania | Bez urządzenia pośredniczącego |
| Kod typu mediów | n |
| 338 ## - TYP/RODZAJ NOŚNIKA | |
| Źródło (terminu i kodu) | rdacarrier |
| Hasło opisujące typ nośnika | Arkusz |
| Kod typu nośnika | nb |
| 380 ## - FORMA I TYP PUBLIKACJI | |
| Forma i typ publikacji | Mapy |
| 388 ## - CZAS POWSTANIA | |
| Czas powstania | 1901-2000 |
| 500 ## - UWAGI OGÓLNE | |
| Tekst uwagi | Treść mapy w języku polskim |
| 536 ## - UWAGA DOTYCZĄCA ŹRÓDEŁ FINANSOWANIA DZIEŁA | |
| Tekst uwagi | Druk pracy finansowany przez Ministerstwo Ochrony Środowiska, Zasobów Naturalnych i Leśnictwa. |
| 540 ## - UWAGA DOTYCZĄCA PRAWA AUTORSKIEGO | |
| Warunki wykorzystania i reprodukowania | Copyright by Państwowy Instytut Geologiczny, Warszawa 1997. |
| 650 #7 - HASŁO PRZEDMIOTOWE W FORMIE NAZWY OGÓLNEJ LUB JEDNOSTKOWEJ | |
| Nazwa ogólna lub geograficzna | Geologia |
| 650 #7 - HASŁO PRZEDMIOTOWE W FORMIE NAZWY OGÓLNEJ LUB JEDNOSTKOWEJ | |
| Nazwa ogólna lub geograficzna | Kartografia geologiczna |
| 651 #7 - HASŁO PRZEDMIOTOWE W FORMIE NAZWY GEOGRAFICZNEJ | |
| Nazwa geograficzna | Polska |
| 655 #7 - TERMIN INDEKSOWY - OKREŚLENIE RODZAJU/FORMY DOKUMENTU | |
| Określenie rodzaju/formy dokumentu | Atlas geologiczny |
| 655 #7 - TERMIN INDEKSOWY - OKREŚLENIE RODZAJU/FORMY DOKUMENTU | |
| Określenie rodzaju/formy dokumentu | Mapa geologiczna |
| 658 ## - TERMIN INDEKSOWY - PRZEDMIOT PROGRAMU NAUCZANIA | |
| Główny przedmiot programu nauczania | Geografia i nauki o Ziemi |
| 700 1# - HASŁO DODATKOWE - NAZWA OSOBOWA | |
| Nazwa osobowa | Kotański, Zbigniew |
| Daty związane z nazwą | (1927-2005) |
| Określenie związku między hasłem a opisywanym materiałem | Opracowanie |
| 700 1# - HASŁO DODATKOWE - NAZWA OSOBOWA | |
| Nazwa osobowa | Buła, Zbigniew |
| Określenie związku między hasłem a opisywanym materiałem | Autor |
| 700 1# - HASŁO DODATKOWE - NAZWA OSOBOWA | |
| Nazwa osobowa | Celińska, Barbara |
| Określenie związku między hasłem a opisywanym materiałem | Redakcja |
| 710 2# - HASŁO DODATKOWE - NAZWA CIAŁA ZBIOROWEGO | |
| Nazwa ciała zbiorowego lub jednostki geograficznej | Państwowy Instytut Geologiczny |
| Określenie związku między hasłem a opisywanym materiałem | Instytucja sprawcza |
| 710 2# - HASŁO DODATKOWE - NAZWA CIAŁA ZBIOROWEGO | |
| Nazwa ciała zbiorowego lub jednostki geograficznej | Wydawnictwo Kartograficzne Polskiej Agencji Ekologicznej |
| Określenie związku między hasłem a opisywanym materiałem | Wydawca |
| 856 ## - LOKALIZACJA I DOSTĘP DO ELEKTRONICZNYCH DOKUMENTÓW ZDALNYCH | |
| Link (URL) | http://koha.tu.koszalin.pl/cgi-bin/koha/opac-detail.pl?biblionumber=41146 |
| Tekst linku | Katalog online BPK |
| 942 ## - DODATKOWE ELEMENTY (KOHA) | |
| Typ dokumentu | Kartograficzne |
| Schemat klasyfikacji | Uniwersalna Klasyfikacja Dziesiętna |
| Wycofany | Status | Uszkodzony | Dostępność | Lokalizacja stała | Lokalizacja bieżąca | Miejsce przechowywania | Cena | Sygnatura | Kod kreskowy | Typ dokumentu |
|---|---|---|---|---|---|---|---|---|---|---|
| Dostępny | Biblioteka Politechniki Koszalińskiej | Biblioteka Politechniki Koszalińskiej | Wypożyczalnia BG | 8.91 | MP 1662/6 | 02510392 | Kartograficzne |
